Online
Catalog

La salud en las américas. (Record no. 20304)

MARC details
000 -CABECERA
campo de control de longitud fija 00828nam a2200229 a 4500
001 - NÚMERO DE CONTROL
campo de control 000020800
005 - FECHA Y HORA DE LA ÚLTIMA TRANSACCIÓN
campo de control 20250701104719.0
008 - DATOS DE LONGITUD FIJA--INFORMACIÓN GENERAL
campo de control de longitud fija 100817s1998 xxub 000 0 spa d
020 ## - NÚMERO INTERNACIONAL ESTÁNDAR DEL LIBRO
Número Internacional Estándar del Libro 9275315698
040 ## - FUENTE DE LA CATALOGACIÓN
Centro catalogador/agencia de origen DO-SdBNP
Lengua de catalogación spa
Centro/agencia transcriptor BPJMB
082 ## - NÚMERO DE LA CLASIFICACIÓN DECIMAL DEWEY
Número de clasificación 614.7
Número de documento/Ítem O68s
110 1# - ENTRADA PRINCIPAL--NOMBRE DE ENTIDAD CORPORATIVA
Nombre de entidad corporativa o nombre de jurisdicción como elemento de entrada Organización Panamericana de la Salud
9 (RLIN) 1055
245 13 - MENCIÓN DE TÍTULO
Título La salud en las américas.
260 ## - PUBLICACIÓN, DISTRIBUCIÓN, ETC.
Lugar de publicación, distribución, etc. Washington, D. C. :
Nombre del editor, distribuidor, etc. Organización Panamericana de la Salud, Oficina Sanitaria Panamericana, Oficina Regional de la Organización Mundial de la Salud,
Fecha de publicación, distribución, etc. 1998.
300 ## - DESCRIPCIÓN FÍSICA
Extensión v. 1 :
Otras características físicas tablas ;
Dimensiones 27 cm.
490 1# - MENCIÓN DE SERIE
Mención de serie Publicación científica
Designación de volumen o secuencia 569
650 #0 - PUNTO DE ACCESO ADICIONAL DE MATERIA--TÉRMINO DE MATERIA
Término de materia o nombre geográfico como elemento de entrada Salud pública
9 (RLIN) 56565
650 #0 - PUNTO DE ACCESO ADICIONAL DE MATERIA--TÉRMINO DE MATERIA
Término de materia o nombre geográfico como elemento de entrada Política sanitaria
9 (RLIN) 1344
650 #4 - PUNTO DE ACCESO ADICIONAL DE MATERIA--TÉRMINO DE MATERIA
Término de materia o nombre geográfico como elemento de entrada Indicadores de salud
9 (RLIN) 43592
650 #4 - PUNTO DE ACCESO ADICIONAL DE MATERIA--TÉRMINO DE MATERIA
Término de materia o nombre geográfico como elemento de entrada América
9 (RLIN) 43593
830 #4 - PUNTO DE ACCESO ADICIONAL DE SERIE-TÍTULO UNIFORME
Título uniforme Publicación científica ;
Designación de volumen o secuencia 569.
9 (RLIN) 43594

No items available.

Powered by Koha